000 00648nam a22002177a 4500
999 _c169303
_d169303
005 20191114130144.0
010 _aENG-126895
020 _a9789383166275
_c825.00
035 _aEN-110427
037 _bDBAD/PUB
082 _a305.094
100 _aDubet, Francois
245 _aThe experience of discrimination in France /
_cby Francois Dubet...[et. al]
260 _aNew Delhi
_bEsha Bereille
_c2019
270 _aSocial Science Press, 69 Jor Bagh
_bNew Delhi
_e110003
300 _axi;310p.
_c22cm(Hb)
700 _aCousin, Olivier
700 _aMace, Eric
700 _aRui, Sandrine
942 _2ddc
_cEN
_h305.094
_mTHE